000 01047nam0a22002531 4500
001 v19\rc\1903543
005 20080404173422.5
035 _a(NLR Aleph) 004993378
090 _a6309894
_c6309894
100 _a20080404d1912 u y0rusy50 ca
101 0 _arus
102 _aRU
105 _aac z |||||
200 1 _aСтолетие Отечественной войны 1812 года
_fВ.В. Назаревский
210 _aМосква
_cтип. т-ва И.Д. Сытина
_d1912
215 _a108 с.
_cил., портр.
_d24
225 1 _aЧтения для московских фабрично-заводских рабочих
532 1 1 _aСтолетие Отечественной войны тысяча восемьсот двенадцатого года
700 1 _4070
_7ca
_8rus
_aНазаревский
_bВ. В.
_f-1919
_gВладимир Владимирович
_92696540
_3RU\NLR\AUTH\770289817
801 0 _aRU
_bNLR
_gpsbo
801 1 _aRU
_bProSoft-M
_2rusmarc
852 _aNLR
_j20.97.8.102
942 _cUNSPEC
980 _aNB